Qui as dis ces citations arc Skypiea - Statistiques

Statistiques générales
  • Ce quiz a été pris 39 fois
  • Le résultat moyen est 15 sur 20
Statistiques - réponses
Hint Réponse % Correct
Ce n'est pas dieu que les hommes craignent, c'est la peur que celui-ci incarne ! Ener
100%
Ne m'en veux pas mais dans la vie je n'ai jamais prier dieu. Zoro
100%
Je serai de retour avant le lever du jour. Luffy
96%
Merci, j'avais justement besoin de feu !! Sanji
96%
Trop de gens veulent m’empêcher de réaliser mon rêves. Robin
93%
Tu ne veux tout de même pas fouler aux pieds la détermination d'un homme ?! Usopp
93%
Jamais les hommes ne renonceront à leurs rêves !! Barbe noire
89%
Je suis un monstre !! C'est moi le plus fort !! Chopper
89%
Cette ruine est la preuve que ce fragment de l'île sur lequel nous nous trouvons maintenant est en réalité une partie de Jaya !! Nami
89%
Dites-m'en plus sur ce "Cricket", j'aimerais beaucoup le rencontrer moi aussi !! Bellamy
79%
Parce que la terre ne s'avoue jamais vaincue !! Wiper
71%
C'est moi qui ai appelé le homard-super-express !! Conis
68%
Dis moi ou se trouve Ener ainsi que les hommes de l'armée divine !! Gan Forr
68%
Ces cérémonies sont une insulte à notre encontre !! Montblanc Norland
64%
Je n'ai aucune leçon de piraterie à recevoir d'un jeune morveux qui n'a même pas le cran d'affronter ses rêves ! Montblanc Cricket
61%
Ranimons la flamme de Shandora, pour leurs dire que nous sommes là ! Calgara
54%
Ce sont toujours les plus faibles qui aboient les plus fort !! Gedatsu
50%
Mes chers amis, il semble que vous ayez tous quelque chose à me dire ... mais si vous voulez que je vous écoute , il va d'abord falloir survivre ! Ohm
50%
Bienvenue à Upper Yard, la terre sacrée interdite, le taux de survie dans la forêt de l'égarement ne dépasse pas les 10% !! Satori
50%
Nous n'avons besoin que d'un seul "dieu" sur cette île !! Shura
39%
Aucun quiz correspondant
Distribution des résultats
% des personnes avec chaque résultat
Percentile par nombre de réponses
Votre historique - résultats
Vous n’avez pas pris ce quiz